000 00242nam a22001217a 4500
040 _cSK
082 _a494
100 _aNGUYEN VANSO
245 _aAgroforestry syllabus (DRAFT)
260 _aVIETNAM
_bNGU
_c1997
300 _a12p.
942 _cEK
999 _c9231
_d9231